Normal view
MARC view
Entry Personal Name
001 - CONTROL NUMBER
- control field: 821045
003 - CONTROL NUMBER IDENTIFIER
- control field: OSt
005 - DATE AND TIME OF LATEST TRANSACTION
- control field: 20250910160953.0
008 - FIXED-LENGTH DATA ELEMENTS
- fixed length control field: 250910|| aca||aabn | a|a d
040 ## - CATALOGING SOURCE
- Original cataloging agency: OSt
- Transcribing agency: OSt
100 ## - HEADING--PERSONAL NAME
- Personal name: भारत, यायावर
670 ## - SOURCE DATA FOUND
- Source citation: Work cat.: (OSt)1435310: यायावर, भारत 821044, फणीश्वरनाथ रेणु की श्रेष्ठ कहानियाॅ, 2004
